000 00442nam a22001937a 4500
003 MPLRDC
005 20220104173850.0
008 210129b ||||| |||| 00| 0 eng d
020 _a1-56171-162-4
082 _a870.57 SLOA
100 _aBILL SLOAN
245 _aTHE MAFIA CANDIDATE
_c
250 _a初版
260 _a
_bSPI BOOKS
_c1992
300 _b
490 _aSPI FICTION
650 _aFICTION
942 _cBK
_o870.57 SLOA
999 _c59609
_d59599